C++ techniques and applications / (Record no. 541744)

000 -LEADER
fixed length control field 00754cam a2200229 a 4500
020 ## - INTERNATIONAL STANDARD BOOK NUMBER
International Standard Book Number 1558510753 :
020 ## - INTERNATIONAL STANDARD BOOK NUMBER
International Standard Book Number 1558510761 (book/disk) :
020 ## - INTERNATIONAL STANDARD BOOK NUMBER
International Standard Book Number 155851077X (disk) :
082 00 - DEWEY DECIMAL CLASSIFICATION NUMBER
Classification number 005.262C
Author Mark LAD
-- MCEL-02,P-182
100 1# - MAIN ENTRY--PERSONAL NAME
Personal name Ladd, Scott Robert,
9 (RLIN) 36769
245 10 - TITLE STATEMENT
Title C++ techniques and applications /
Statement of responsibility, etc. Scott Robert Ladd.
250 ## - EDITION STATEMENT
Edition statement 1st ed.
260 ## - PUBLICATION, DISTRIBUTION, ETC.
Place of publication, distribution, etc. Redwood City, CA :
Name of publisher, distributor, etc. M&T Books,
Date of publication, distribution, etc. 1990.
300 ## - PHYSICAL DESCRIPTION
Extent 466 p. ;
Dimensions 24 cm.
500 ## - GENERAL NOTE
General note "Also compatible with Turbo C++ and Zortech C++"--Cover.
500 ## - GENERAL NOTE
General note Includes index.
500 ## - GENERAL NOTE
General note Spine title: C++ techniques & applications.
526 ## - STUDY PROGRAM INFORMATION NOTE
Program name 0
Interest level 0
Reading level 0
Title point value 005_000000000000000_262C_LAD
650 #0 - SUBJECT ADDED ENTRY--TOPICAL TERM
Topical term or geographic name entry element C++ (Computer program language)
9 (RLIN) 1810
650 #0 - SUBJECT ADDED ENTRY--TOPICAL TERM
Topical term or geographic name entry element MCE
9 (RLIN) 379
942 ## - ADDED ENTRY ELEMENTS (KOHA)
Source of classification or shelving scheme
Koha item type Book
Holdings
Withdrawn status Lost status Source of classification or shelving scheme Damaged status Not for loan Permanent Location Current Location Date acquired Total Checkouts Full call number Barcode Date last seen Price effective from Koha item type
          Military College of Engineering (MCE) Military College of Engineering (MCE) 08/27/2013   005.262C LAD MCE-27633 08/27/2013 08/27/2013 Book
© 2023 Central Library, National University of Sciences and Technology. All Rights Reserved.